[Event "EU-ch U14 31st"]
[Site "Mamaia"]
[Date "2023.09.13"]
[Round "8"]
[White "Ljepic, Andrej"]
[Black "Ghazaryan, Narek E"]
[Result "1-0"]
[WhiteElo "2263"]
[BlackElo "1940"]
[PlyCount "91"]
[EventDate "2023.09.05"]
[EventType "swiss"]
[EventRounds "9"]
[EventCountry "ROU"]
[SourceTitle "EXT 2024"]
[Source "ChessBase"]
[SourceDate "2023.10.10"]
[SourceVersion "1"]
[SourceVersionDate "2023.10.10"]
[SourceQuality "1"]

1. e4 c5 2. Nf3 d6 3. d4 cxd4 4. Nxd4 Nf6 5. f3 e5 6. Bb5+ Nbd7 7. Nf5 d5 8. exd5 a6 9. Ba4 b5 10. Bb3 Nb6 11. Ne3 Bc5 12. Nc3 Bb7 13. Qd3 0-0 14. Ne4 Rc8 15. Nxc5 Rxc5 16. d6 a5 17. Nf5 e4 18. Ne7+ Kh8 19. Qd4 Nbd7 20. a4 exf3 21. gxf3 Bxf3 22. 0-0 Qb6 23. Be3 Ba8 24. Rxf6 gxf6 25. Rd1 bxa4 26. Ba2 Qb5 27. c4 Rg5+ 28. Kf1 Rf5+ 29. Ke1 Qb4+ 30. Rd2 Re5 31. Kf1 Qb7 32. Nd5 Rfe8 33. Bf2 Re4 34. Qc3 R8e6 35. Bb1 R4e5 36. Qh3 Nf8 37. Qh6 Qc8 38. Nb6 Qd8 39. Nd7 Rg5 40. Bh4 Ng6 41. Bxg6 Rxg6 42. Qf8+ Rg8 43. Qxf7 Qe8 44. Bxf6+ Rxf6+ 45. Qxf6+ Rg7 46. Ne5 1-0

[Event "EU-ch U12 30th"]
[Site "Antalya"]
[Date "2022.11.12"]
[Round "7"]
[White "Ahmad, Khagan"]
[Black "Ghazaryan, Narek E"]
[Result "1-0"]
[WhiteElo "2135"]
[BlackElo "1965"]
[PlyCount "139"]
[EventDate "2022.11.06"]
[EventType "swiss"]
[EventRounds "9"]
[EventCountry "TUR"]
[SourceTitle "CBM 211 Extra"]
[Source "ChessBase"]
[SourceDate "2023.01.31"]
[SourceVersion "1"]
[SourceVersionDate "2023.01.31"]
[SourceQuality "1"]

1. e4 c5 2. Nf3 d6 3. d4 cxd4 4. Nxd4 Nf6 5. Nc3 a6 6. Be3 e5 7. Nb3 Be6 8. f3 h5 9. Nd5 Nxd5 10. exd5 Bf5 11. Bd3 Bxd3 12. Qxd3 Be7 13. 0-0 0-0 14. f4 Nd7 15. Rae1 Rc8 16. c3 b5 17. Qd1 exf4 18. Bxf4 Nf6 19. Nd4 Qd7 20. Bg5 Bd8 21. Bxf6 Bxf6 22. Rxf6 gxf6 23. Qxh5 Rfe8 24. Rf1 Re5 25. Nf5 Qa7+ 26. Kh1 Rc4 27. Qf3 Qc5 28. Qg3+ Kf8 29. Qg7+ Ke8 30. Qg8+ Kd7 31. Qxf7+ Kd8 32. Qxf6+ Kc7 33. Nd4 Qxd5 34. Qf8 Kb7 35. h3 Rc7 36. Qf3 Qxf3 37. Rxf3 b4 38. cxb4 Rd5 39. Ne2 Rd2 40. Nf4 Rxb2 41. a3 Rd2 42. h4 Rf7 43. Kh2 d5 44. h5 d4 45. Kh3 Rc2 46. Kg4 Rc3 47. h6 Rxf3 48. gxf3 Kb6 49. a4 a5 50. b5 Kc5 51. Nd3+ Kd5 52. Kg5 Rf8 53. h7 Kc4 54. Ne5+ Kb4 55. Nc6+ Kxa4 56. Nxd4 Kb4 57. b6 Kc4 58. Kg6 Rb8 59. Nc6 Rxb6 60. h8Q Rxc6+ 61. Kg5 a4 62. f4 a3 63. Qg8+ Kb4 64. Qb8+ Kc3 65. f5 Rc5 66. Qa7 Kb4 67. Kg6 Rc3 68. f6 Rg3+ 69. Kh5 Kb3 70. Qb8+ 1-0

[Event "Wch U12"]
[Site "Batumi"]
[Date "2022.09.27"]
[Round "11"]
[White "Ghazaryan, Narek E"]
[Black "Khoury, Theo"]
[Result "1-0"]
[WhiteElo "1757"]
[BlackElo "1813"]
[PlyCount "49"]
[EventDate "2022.09.16"]
[EventType "swiss"]
[EventRounds "11"]
[EventCountry "GEO"]
[SourceTitle "EXT 2023"]
[Source "ChessBase"]
[SourceDate "2022.10.05"]
[SourceVersion "1"]
[SourceVersionDate "2022.10.05"]
[SourceQuality "1"]

1. d4 d5 2. c4 dxc4 3. e3 Nf6 4. Bxc4 e6 5. Nc3 c5 6. Nf3 Nc6 7. 0-0 a6 8. a4 Be7 9. Ne5 cxd4 10. Nxc6 bxc6 11. exd4 0-0 12. Be3 Qc7 13. Qe2 Bb7 14. Rfd1 Rfd8 15. Rac1 h6 16. Bd3 Bd6 17. h3 Bf4 18. Ne4 Nxe4 19. Bxe4 Rac8 20. b4 Bd6 21. b5 axb5 22. axb5 Qd7 23. Qf3 f5 24. Bxc6 Bxc6 25. bxc6 1-0

[Event "Wch U12"]
[Site "Batumi"]
[Date "2022.09.24"]
[Round "8"]
[White "Roubal, Matyas"]
[Black "Ghazaryan, Narek E"]
[Result "0-1"]
[WhiteElo "1923"]
[BlackElo "1757"]
[PlyCount "94"]
[EventDate "2022.09.16"]
[EventType "swiss"]
[EventRounds "11"]
[EventCountry "GEO"]
[SourceTitle "EXT 2023"]
[Source "ChessBase"]
[SourceDate "2022.10.05"]
[SourceVersion "1"]
[SourceVersionDate "2022.10.05"]
[SourceQuality "1"]

1. e4 c5 2. Nf3 d6 3. d4 cxd4 4. Qxd4 Nc6 5. Bb5 Bd7 6. Bxc6 Bxc6 7. Nc3 h6 8. Be3 e5 9. Qd3 Nf6 10. h3 Be7 11. 0-0-0 0-0 12. g4 b5 13. g5 hxg5 14. Nxg5 b4 15. Ne2 Qa5 16. Kb1 d5 17. Ng3 Bb5 18. Qd2 Rfd8 19. Nf5 Bf8 20. f4 Nxe4 21. Nxe4 dxe4 22. Qg2 g6 23. Nh4 Bc4 24. b3 exf4 25. Bxf4 Rxd1+ 26. Rxd1 Qh5 27. Rg1 Bd5 28. Qf2 Be7 29. Ng2 Be6 30. Qd4 Qc5 31. Qxc5 Bxc5 32. Ne3 Kh7 33. h4 f6 34. Rd1 Rg8 35. Kc1 g5 36. hxg5 fxg5 37. Nd5 gxf4 38. Nf6+ Kg6 39. Nxg8 Bxg8 40. Rd8 Be6 41. Re8 Kf5 42. Kd2 f3 43. Ke1 f2+ 44. Ke2 Bd7 45. Rb8 Kf4 46. c4 Bg4+ 47. Kf1 Bh3+ 0-1

[Event "Online Friendship U12"]
[Site "Tornelo INT"]
[Date "2020.11.21"]
[Round "3.3"]
[White "Karvatskyi, Oleksii"]
[Black "Ghazaryan, Narek E"]
[Result "1-0"]
[WhiteElo "1760"]
[BlackElo "1428"]
[PlyCount "91"]
[EventDate "2020.11.21"]
[EventType "team-swiss"]
[EventRounds "7"]
[EventCountry "BLR"]
[SourceTitle "CBM 199 Extra"]
[Source "ChessBase"]
[SourceDate "2021.01.31"]
[SourceVersion "1"]
[SourceVersionDate "2021.01.31"]
[SourceQuality "1"]
[WhiteTeam "Ukraine"]
[BlackTeam "Armenia"]
[WhiteTeamCountry "UKR"]
[BlackTeamCountry "ARM"]

1. e4 e5 2. Nf3 Nc6 3. d4 exd4 4. Nxd4 Nf6 5. Nxc6 bxc6 6. e5 Qe7 7. Qe2 Nd5 8. c4 Nb6 9. h4 h6 10. h5 d6 11. exd6 cxd6 12. Nc3 Ba6 13. b3 d5 14. Qxe7+ Bxe7 15. cxd5 Bxf1 16. Kxf1 cxd5 17. Be3 Bf6 18. Re1 Bxc3 19. Bd2+ Kd7 20. Bxc3 f6 21. Rh3 Rhe8 22. Rg3 Rxe1+ 23. Kxe1 Re8+ 24. Kd2 Re7 25. Bb4 Rf7 26. Bc5 Kc6 27. Ba3 Nd7 28. f4 f5 29. Rg6+ Kb5 30. Bb2 Nc5 31. Bxg7 Rd7 32. Bxh6 Ne4+ 33. Kd3 d4 34. Bf8 Nf2+ 35. Kd2 d3 36. a4+ Ka5 37. Kc3 Ne4+ 38. Kc4 Nd2+ 39. Kc3 Ne4+ 40. Kb2 Rd8 41. Ka3 Nd6 42. Bxd6 Kb6 43. Be7+ Kc7 44. Bxd8+ Kd7 45. Ba5 d2 46. Bxd2 1-0

[Event "Online Friendship U12"]
[Site "Tornelo INT"]
[Date "2020.11.21"]
[Round "4.3"]
[White "Muradylov, Baiel"]
[Black "Ghazaryan, Narek E"]
[Result "0-1"]
[WhiteElo "1109"]
[BlackElo "1428"]
[PlyCount "100"]
[EventDate "2020.11.21"]
[EventType "team-swiss"]
[EventRounds "7"]
[EventCountry "BLR"]
[SourceTitle "CBM 199 Extra"]
[Source "ChessBase"]
[SourceDate "2021.01.31"]
[SourceVersion "1"]
[SourceVersionDate "2021.01.31"]
[SourceQuality "1"]
[WhiteTeam "Kyrgyzstan"]
[BlackTeam "Armenia"]
[WhiteTeamCountry "KGZ"]
[BlackTeamCountry "ARM"]

1. d4 d5 2. Bf4 Nf6 3. Nf3 e6 4. e3 c5 5. c3 Nc6 6. Bd3 cxd4 7. exd4 Qb6 8. Qb3 Ne4 9. 0-0 Bd7 10. Ne5 Nxe5 11. Bxe5 f6 12. Bg3 Qxb3 13. axb3 Bc6 14. Bxe4 dxe4 15. Nd2 h5 16. h3 h4 17. Bh2 g6 18. Rfe1 f5 19. Be5 Rh7 20. Bf4 Be7 21. f3 g5 22. Be5 exf3 23. gxf3 Kf7 24. Kf2 a6 25. Nc4 Rg8 26. Rg1 Bd5 27. Ke3 Bxc4 28. bxc4 Rc8 29. c5 Bf6 30. f4 Bxe5 31. fxe5 Rg8 32. Rg2 g4 33. hxg4 fxg4 34. Rf1+ Ke7 35. Rh1 g3 36. Rh3 Rgg7 37. b4 Kd7 38. c4 Kc6 39. Ke4 Rg4+ 40. Ke3 Rd7 41. Rd2 g2 42. Kf2 g1Q+ 43. Ke2 Rg2+ 44. Kd3 Qb1+ 45. Ke3 Rxd2 46. Kxd2 Rxd4+ 47. Ke2 Qb2+ 48. Kf3 Qc3+ 49. Kg2 Rd2+ 50. Kf1 Qc1# 0-1